Science Quiz

Random Science or Elements Quiz

Element by Symbol Quiz Stats

 Plays Quiz Updated Aug 14, 2018

Score 0/118 Timer 15:00
6 Plays Today
Symbol Element % Correct
OOxygen
85.2%
HHydrogen
83.6%
CCarbon
83%
KPotassium
83%
NNitrogen
82.4%
HeHelium
82.4%
LiLithium
82.2%
MgMagnesium
81.8%
AlAluminum
81.3%
FeIron
81.3%
ZnZinc
81.1%
AuGold
80.9%
ClChlorine
79.8%
NaSodium
79.6%
BBoron
79.4%
ArArgon
78.9%
AgSilver
77.6%
IIodine
77.6%
XeXenon
77%
CaCalcium
76.8%
SSulfur
76.1%
CuCopper
76.1%
SiSilicon
76%
NiNickel
75.9%
KrKrypton
74.6%
CoCobalt
74.5%
PbLead
74.1%
NeNeon
73.3%
UUranium
72.6%
BrBromine
70.6%
FFluorine
69.1%
MnManganese
68.7%
PPhosphorus
68.3%
HgMercury
68.1%
TiTitanium
67.5%
BaBarium
65.8%
CsCesium
65.4%
BeBeryllium
65.2%
SeSelenium
62.7%
FrFrancium
61.6%
Symbol Element % Correct
SnTin
61.3%
WTungsten
61.2%
AsArsenic
61.2%
CdCadmium
61%
CrChromium
60.2%
GeGermanium
59.6%
RaRadium
59.6%
GaGallium
59.2%
RbRubidium
58.2%
ZrZirconium
57%
BiBismuth
55.7%
RnRadon
54.5%
IrIridium
54.2%
VVanadium
53.4%
YYttrium
51.6%
InIndium
51.5%
PtPlatinum
51.1%
ScScandium
50.5%
EuEuropium
50.2%
SrStrontium
49.8%
AmAmericium
49.8%
OsOsmium
48.6%
PoPolonium
48.4%
PuPlutonium
45.8%
PdPalladium
45.6%
MoMolybdenum
43.8%
RhRhodium
42.9%
HfHafnium
42.7%
SbAntimony
42.6%
EsEinsteinium
42.5%
CfCalifornium
42.4%
RfRutherfordium
42.1%
YbYtterbium
41.4%
TeTellurium
40.1%
AcActinium
40%
NpNeptunium
38.8%
ThThorium
38.7%
AtAstatine
38.5%
NoNobelium
37.1%
LaLanthanum
36.9%
Symbol Element % Correct
FmFermium
36.7%
CeCerium
36.6%
BkBerkelium
35.8%
TcTechnetium
35.5%
LrLawrencium
35.4%
TlThallium
34.1%
OgOganesson
33.3%
NbNiobium
33%
ErErbium
32.9%
RuRuthenium
32.8%
LvLivermorium
32.8%
HoHolmium
32.1%
TsTennessine
31.9%
ReRhenium
31.9%
SgSeaborgium
31.6%
BhBohrium
31.3%
McMoscovium
31.3%
TaTantalum
31.1%
CmCurium
30.8%
MdMendelevium
30.7%
NhNihonium
30.1%
SmSamarium
29.9%
DyDysprosium
29.1%
FlFlerovium
28.8%
HsHassium
28.5%
DbDubnium
28.3%
PmPromethium
28.3%
GdGadolinium
28%
NdNeodymium
27.7%
LuLutetium
27%
TbTerbium
26.6%
CnCopernicium
25.5%
PrPraseodymium
24.6%
MtMeitnerium
24.6%
RgRoentgenium
24.2%
DsDarmstadtium
22.2%
TmThulium
21.5%
PaProtactinium
21.4%

You're not logged in!

Compare scores with friends on all Sporcle quizzes.
OR
Log In

Sporcle TV

Today on Sporcle TV


Watch our educational content, quiz creation guides, and fun videos on Sporcle TV.

Show Comments

Extras

Top Quizzes Today


Score Distribution

Your Account Isn't Verified!

In order to create a playlist on Sporcle, you need to verify the email address you used during registration. Go to your Sporcle Settings to finish the process.

Report this User

Report this user for behavior that violates our Community Guidelines.

Details: